000 00388nam a22001457a 4500
003 OSt
020 _a9780199682720
040 _c0
_d0
082 _222
_a658.42
100 _aTricker, Bob.
245 _aCorporative governance :
_bprinciples, policies and practices /
260 _aNew Delhi,
_bOxford University Press,
_cc2012.
300 _axxi, 546 p. ;
_bill. ;
_c24 cm.
942 _2ddc
_cMAG
999 _c5035
_d5035